| 000 | 00000nam 2200000za 4500 |
| 001 | 9.580040 |
| 003 | CaOODSP |
| 005 | 20230106104801 |
| 007 | cr ||||||||||| |
| 008 | 150406s2006 onc|||||o f|0| 0 eng d |
| 040 | |aCaOODSP|beng |
| 043 | |an-cn--- |
| 086 | 1 |aFs97-4/2746E-PDF |
| 100 | 1 |aCarver, Claire Eunice Anne. |
| 245 | 10|aBiological synopsis of the solitary tunicate, Ciona intestinalis |h[electronic resource] / |cby C.E. Carver, A.L. Mallet and B. Vercaemer. |
| 260 | |aDartmouth, Nova Scotia : |bFisheries and Oceans Canada, |c2006. |
| 300 | |av, 55 p. : |bfigures. |
| 490 | 1 |aCanadian manuscript report of fisheries and aquatic sciences, |x1488-5387 ; |v2746 |
| 504 | |aIncludes bibliographic references. |
| 520 | |aThe solitary ascidian Ciona intestinalis is native to northern European waters but now occurs worldwide from sub-Arctic to tropical regions. Apart from Scandinavian waters where it may dominate the epibenthic community, it typically occurs as an opportunistic fouling organism on artificial substrates in harbours or in association with aquaculture equipment. Over the last decade population outbreaks have been observed at multiple sites along the south shore of Nova Scotia, and similar outbreaks are now threatening the PEI mussel industry already dealing with an infestation of the clubbed tunicate Styela clava. The life history strategy of C. intestinalis is characterized by rapid growth (20 mm.mo-1), early maturation (8-10 wk) and high reproductive output (>10,000 eggs.ind-1). These characteristics, along with the ability to survive under adverse conditions of low flow and/or high turbidity, allow it to exploit and dominate new substrates at the expense of other fouling species. Given that larvae have limited dispersal capability, range extensions are likely facilitated by juveniles or adults hitchhiking on floating debris or the hulls of commercial and recreational vessels. A comprehensive risk management strategy is needed to curb the continued spread of C. intestinalis, and control measures are required to mitigate the negative impacts of population outbreaks on the aquaculture industry. |
| 590 | |a14-13-Supp|b2014-06-23 |
| 700 | 1 |aMallet, André. |
| 700 | 1 |aVercaemer, B. |q(Bénédikte), |d1966- |
| 710 | 1 |aCanada. |bDepartment of Fisheries and Oceans. |
| 710 | 2 |aBedford Institute of Oceanography. |
| 830 | #0|aCanadian manuscript report of fisheries and aquatic sciences,|x1488-5387 ; |v2746|w(CaOODSP)9.505211 |
| 856 | 40|qPDF|s1.09 MB|uhttps://publications.gc.ca/collections/collection_2014/mpo-dfo/Fs97-4-2746-eng.pdf |